Score 0/44 Timer 10:00
0 Plays Today
Team and Competition Player Name % Correct
Everton, Premier League 2014Papiss Demba Cissé
94.7%
Cardiff City, FA Cup 2014Papiss Demba Cissé
94.7%
Benfica, Europa League 2013Papiss Demba Cissé
94.7%
Everton, Premier League 2014Fabricio Coloccini
93.9%
Tottenham Hotspur, Capital One Cup 2014Fabricio Coloccini
93.9%
Benfica, Europa League 2013Tim Krul
92.4%
Everton, Premier League 2014Cheik Tioté
89.3%
Cardiff City, FA Cup 2014Cheik Tioté
89.3%
Everton, Premier League 2014Ayoze Pérez
85.5%
Tottenham Hotspur, Capital One Cup 2014Ayoze Pérez
85.5%
Everton, Premier League 2014Moussa Sissoko
80.9%
Tottenham Hotspur, Capital One Cup 2014Moussa Sissoko
80.9%
Cardiff City, FA Cup 2014Moussa Sissoko
80.9%
Benfica, Europa League 2013Moussa Sissoko
80.9%
Everton, Premier League 2014Paul Dummett
78.6%
Tottenham Hotspur, Capital One Cup 2014Paul Dummett
78.6%
Benfica, Europa League 2013Yohan Cabaye
78.6%
Everton, Premier League 2014Daryl Janmaat
75.6%
Cardiff City, FA Cup 2014Rob Elliot
73.3%
Cardiff City, FA Cup 2014Steven Taylor
71.8%
Cardiff City, FA Cup 2014Davide Santon
64.1%
Everton, Premier League 2014Yoan Gouffran
62.6%
Team and Competition Player Name % Correct
Tottenham Hotspur, Capital One Cup 2014Yoan Gouffran
62.6%
Cardiff City, FA Cup 2014Yoan Gouffran
62.6%
Benfica, Europa League 2013Jonás Gutiérrez
61.8%
Cardiff City, FA Cup 2014Hatem Ben Arfa
60.3%
Cardiff City, FA Cup 2014Vurnon Anita
58.8%
Benfica, Europa League 2013Vurnon Anita
58.8%
Everton, Premier League 2014Mike Williamson
54.2%
Tottenham Hotspur, Capital One Cup 2014Mike Williamson
54.2%
Benfica, Europa League 2013Mike Williamson
54.2%
Everton, Premier League 2014Jack Colback
41.2%
Tottenham Hotspur, Capital One Cup 2014Jack Colback
41.2%
Tottenham Hotspur, Capital One Cup 2014Rémy Cabella
39.7%
Tottenham Hotspur, Capital One Cup 2014Massadio Haïdara
37.4%
Cardiff City, FA Cup 2014Massadio Haïdara
37.4%
Benfica, Europa League 2013Massadio Haïdara
37.4%
Benfica, Europa League 2013Gaël Bigirimana
37.4%
Cardiff City, FA Cup 2014Mapou Yanga-Mbiwa
35.9%
Benfica, Europa League 2013Mapou Yanga-Mbiwa
35.9%
Tottenham Hotspur, Capital One Cup 2014Emmanuel Rivière
31.3%
Benfica, Europa League 2013Danny Simpson
29.8%
Everton, Premier League 2014Jak Alnwick
21.4%
Tottenham Hotspur, Capital One Cup 2014Jak Alnwick
21.4%
Come Together.
Have Fun.
All Virtual.
We all need to come together. Play Sporcle's virtual live trivia to have fun, connect with people, and get your trivia on. Join a live hosted trivia game for your favorite pub trivia experience done virtually. If a virtual private party is more your thing, go here for details.

You're not logged in!

Compare scores with friends on all Sporcle quizzes.
OR
Log In

Sporcle TV

Today on Sporcle TV


Watch our educational content, quiz creation guides, and fun videos on Sporcle TV.

Show Comments

Extras

Top Quizzes Today


Score Distribution

Paid Content

Your Account Isn't Verified!

In order to create a playlist on Sporcle, you need to verify the email address you used during registration. Go to your Sporcle Settings to finish the process.

Report this User

Report this user for behavior that violates our Community Guidelines.

Details: